| 000 | 00779nam a2200217 4500 | ||
|---|---|---|---|
| 003 | LK-CoMWRAF | ||
| 005 | 20240203115738.0 | ||
| 008 | 240203b2014 |||||||| |||| 00| 0 eng d | ||
| 040 |
_aLK-CoMWRAF _dLK-CoMWRAF _eLK-CoMWRAF |
||
| 041 | _aeng | ||
| 082 |
_a322.4 _bMOH |
||
| 100 | _aMohideen, M. I. M. | ||
| 245 | _aThe road map to resolve anti-muslim activities by the Sinhala Buddhist supporters of Bodu Bala Sena and Jathika Hela Urumaya in Sri Lanka | ||
| 260 |
_adownload _bAl-Ceylan Muslim Documentation Centre, _c2014 |
||
| 300 | _a50 p. photos | ||
| 650 | _aBodu Bala Sena (Sri Lanka)--Political activity | ||
| 650 | _a Jathika Hela Urumaya (Sri Lanka)--Political activity | ||
| 650 | _aIslamophobia--Sri Lanka | ||
| 650 | _a Hate speech--Sri Lanka | ||
| 942 | _cBK | ||
| 999 |
_c4720 _d4720 |
||